=LDR 00000nam 2200000 4500 =001 INLIS000000000048902 =005 20170112121305.0 =006 =007 =008 =020 ##$$a 978-602-394-085-1 =035 ##$$0010-011700000000183 =040 ##$$a NBPDMAT =082 ##$$a 641 .2 =090 ##$$a 641 .2 $b kit k =245 ##$$a Kitab 1001 jus / $c kitchen studio ; penyuntig media =260 ##$$a Jakarta : $b Bip, $c 2016 =300 ##$$a XXIII, 443 hlm. :$b ilus. ; $c 24 cm =650 ##$$a Minuman resep kitchen studio =700 ##$$a marina ariyani